Využitie lokalizačných dát mobilnej siete v turizme: kto sú, kedy prichádzajú a kam smerujú zahraniční návštevníci na Slovensku?

Časové a priestorové aspekty pohybu zahraničných návštevníkov na Slovensku s využitím lokalizačných údajov mobilných telefónov. Odpovede na otázky: – umožňuje lokalizácia prostredníctvom mobilnej siete identifikovať časové (sezónne) a priestorové (regionálne) vzory návštevnosti podľa krajín pôvodu?...

Descripción completa

Guardado en:
Detalles Bibliográficos
Autor principal: Šveda, Martin
Otros Autores: Križan, František, Barlík, Peter
Formato: Capítulo de libro
Lenguaje:eslovaco
Materias:
Etiquetas: Agregar Etiqueta
Sin Etiquetas, Sea el primero en etiquetar este registro!

MARC

LEADER 00000naa a2200000 4500
001 0259488
005 20221104111547.4
041 0 |a slo 
044 |a SK 
245 1 0 |a Využitie lokalizačných dát mobilnej siete v turizme: kto sú, kedy prichádzajú a kam smerujú zahraniční návštevníci na Slovensku?  |c Martin Šveda, František Križan, Peter Barlík 
520 |a Časové a priestorové aspekty pohybu zahraničných návštevníkov na Slovensku s využitím lokalizačných údajov mobilných telefónov. Odpovede na otázky: – umožňuje lokalizácia prostredníctvom mobilnej siete identifikovať časové (sezónne) a priestorové (regionálne) vzory návštevnosti podľa krajín pôvodu? Aký časovo-priestorový obraz poskytujú lokalizačné údaje mobilných zariadení o pohybe zahraničných návštevníkov na Slovensku a nakoľko získané údaje o návštevnosti korešpondujú s oficiálnymi údajmi o počte prenocovaní? 
610 2 0 |a Slovensko 
610 2 0 |a siete mobilné 
610 2 0 |a ruch cestovný 
610 2 0 |a turistika 
610 2 0 |a lokalizácia 
610 2 0 |a dáta 
610 2 0 |a zariadenia ubytovacie 
610 2 0 |a politika regionálna 
100 1 |a Šveda, Martin 
700 1 |a Križan, František 
700 1 |a Barlík, Peter